| 000 | 00465nam a22001697a 4500 | ||
|---|---|---|---|
| 003 | OSt | ||
| 005 | 20251027124722.0 | ||
| 008 | 251027b |||||||| |||| 00| 0 eng d | ||
| 020 | _a1565076966 | ||
| 040 | _cHARVEST HOUSE PUBLISHERS | ||
| 050 | _aBT .H28 1993 | ||
| 082 | _21ST EDITION | ||
| 245 |
_aCHRISTIANITY IN CHRISIS _bINCLUDES STUDY GUIDE _cHANEGRAAFT HANK |
||
| 250 | _a1ST EDITION | ||
| 260 |
_aOREGON _bHARVEST HOUSE PUBLISHERS _c1997 |
||
| 942 |
_2lcc _cBK _n0 |
||
| 999 |
_c9700 _d9700 |
||